Dunder Mifflin Branches Quiz Stats

 Plays Quiz Updated Oct 30, 2018

Score 0/6 Timer 01:30
17 Plays Today
Office/Branch % Correct
Scranton, Pennsylvania
96.4%
Utica, New York
52.4%
Nashua, New Hampshire
41.3%
Syracuse, New York
25.4%
Akron, Ohio
10%
Rochester, New York
5.6%

You're not logged in!

Compare scores with friends on all Sporcle quizzes.
OR
Log In

Sporcle TV

Today on Sporcle TV


Watch our educational content, quiz creation guides, and fun videos on Sporcle TV.

Show Comments

Extras

Top Quizzes Today


Score Distribution

Your Account Isn't Verified!

In order to create a playlist on Sporcle, you need to verify the email address you used during registration. Go to your Sporcle Settings to finish the process.

Report this User

Report this user for behavior that violates our Community Guidelines.

Details: